[Event "WYCC Open U16"]
[Site "Porto Carras"]
[Date "2015.10.27"]
[Round "3.8"]
[White "Abdisalimov, Abdimalik"]
[Black "Acosta, Pablo Ismael"]
[Result "1/2-1/2"]
[BlackElo "2377"]
[WhiteElo "2178"]
[LiveChessVersion "1.4.6"]

1. e4 {[%clk 1:30:31]} c5 {[%clk 1:30:52]} 2. c4 {[%clk 1:30:57]} Nc6
{[%clk 1:30:16]} 3. Ne2 {[%clk 1:31:16]} e5 {[%clk 1:23:40]} 4. Nbc3
{[%clk 1:31:29]} d6 {[%clk 1:23:45]} 5. g3 {[%clk 1:31:26]} h5 {[%clk 1:23:50]}
6. h4 {[%clk 1:26:33]} Bg4 {[%clk 1:21:07]} 7. Bg2 {[%clk 1:26:55]} Nd4
{[%clk 1:19:37]} 8. Qa4+ {[%clk 1:26:50]} Qd7 {[%clk 1:07:06]} 9. Qxd7+
{[%clk 1:24:41]} Kxd7 {[%clk 0:58:26]} 10. Nxd4 {[%clk 1:24:47]} cxd4
{[%clk 0:58:01]} 11. Nd5 {[%clk 1:25:12]} Rc8 {[%clk 0:55:11]} 12. d3
{[%clk 1:22:38]} Ne7 {[%clk 0:51:23]} 13. Bd2 {[%clk 1:19:59]} Nxd5
{[%clk 0:34:24]} 14. cxd5 {[%clk 1:19:29]} Kd8 {[%clk 0:34:17]} 15. Rc1
{[%clk 1:19:47]} Be7 {[%clk 0:33:52]} 16. f3 {[%clk 1:10:27]} Rxc1+
{[%clk 0:32:36]} 17. Bxc1 {[%clk 1:09:37]} Bd7 {[%clk 0:33:00]} 18. Bh3
{[%clk 1:09:53]} g6 {[%clk 0:25:48]} 19. Bg5 {[%clk 1:05:12]} Bxg5
{[%clk 0:20:41]} 20. hxg5 {[%clk 1:05:38]} Bxh3 {[%clk 0:20:31]} 21. Rxh3
{[%clk 1:06:07]} Ke7 {[%clk 0:19:16]} 22. Kd2 {[%clk 0:58:29]} f6
{[%clk 0:19:26]} 23. f4 {[%clk 0:51:25]} exf4 {[%clk 0:13:19]} 24. gxf4 fxg5
{[%clk 0:12:12]} 25. fxg5 {[%clk 0:49:32]} Rf8 {[%clk 0:12:32]} 26. Ke2
{[%clk 0:38:30]} Rf4 {[%clk 0:12:57]} 27. Rf3 {[%clk 0:37:38]} Rg4
{[%clk 0:11:25]} 28. Rf6 {[%clk 0:37:50]} Rxg5 {[%clk 0:11:50]} 29. Re6+
{[%clk 0:38:20]} Kd7 {[%clk 0:12:08]} 30. Rf6 {[%clk 0:38:30]} h4
{[%clk 0:04:24]} 31. Rf7+ {[%clk 0:38:19]} Kc8 {[%clk 0:04:39]} 32. Rh7
{[%clk 0:38:12]} Rg2+ {[%clk 0:04:50]} 33. Kf3 {[%clk 0:37:43]} Rxb2
{[%clk 0:03:01]} 34. Rxh4 {[%clk 0:37:52]} Rxa2 {[%clk 0:03:09]} 35. Rh8+
{[%clk 0:37:24]} Kc7 {[%clk 0:03:32]} 36. Rh7+ {[%clk 0:37:50]} Kb6
{[%clk 0:03:21]} 37. Rd7 {[%clk 0:38:13]} Rd2 {[%clk 0:03:40]} 38. Rxd6+
{[%clk 0:38:33]} Kc5 {[%clk 0:04:02]} 39. Rxg6 {[%clk 0:38:43]} Rxd3+
{[%clk 0:04:09]} 40. Kf4 {[%clk 1:09:04]} Rh3 {[%clk 0:31:25]} 41. d6
{[%clk 0:39:58]} Rh7 {[%clk 0:25:34]} 42. Ke5 {[%clk 0:34:08]} d3
{[%clk 0:09:03]} 43. Ke6 {[%clk 0:34:26]} Rh4 {[%clk 0:08:45]} 44. Rg5+
{[%clk 0:22:09]} Kc6 {[%clk 0:04:19]} 45. Rd5 {[%clk 0:22:27]} Rxe4+
{[%clk 0:03:20]} 46. Kf5 {[%clk 0:22:56]} Kxd5 {[%clk 0:02:40]} 47. d7
{[%clk 0:23:23]} Rd4 {[%clk 0:01:11]} 48. d8=Q+ {[%clk 0:23:51]} Kc4
{[%clk 0:01:20]} 49. Qc7+ {[%clk 0:22:58]} Kb3 {[%clk 0:01:19]} 50. Qxb7+
{[%clk 0:23:26]} Kc3 {[%clk 0:00:38]} 51. Qf3 {[%clk 0:14:17]} a5
{[%clk 0:00:36]} 52. Ke5 {[%clk 0:14:22]} a4 {[%clk 0:00:37]} 53. Qe3
{[%clk 0:14:25]} Rc4 {[%clk 0:00:36]} 54. Kd5 {[%clk 0:14:33]} Rb4
{[%clk 0:00:35]} 55. Qc1+ {[%clk 0:11:58]} Kb3 {[%clk 0:00:59]} 56. Kc5
{[%clk 0:12:23]} Rh4 {[%clk 0:00:39]} 57. Qd1+ Kc3 1/2-1/2

[Event "WYCC Open U16"]
[Site "Porto Carras"]
[Date "2015.10.27"]
[Round "3.9"]
[White "Agmanov, Zhandos"]
[Black "Livaic, Leon"]
[Result "1-0"]
[BlackElo "2372"]
[WhiteElo "2167"]
[LiveChessVersion "1.4.6"]

1. e4 {[%clk 1:30:55]} e6 {[%clk 1:30:54]} 2. d4 {[%clk 1:31:12]} d5
{[%clk 1:31:19]} 3. exd5 {[%clk 1:31:34]} exd5 {[%clk 1:31:44]} 4. c4
{[%clk 1:31:56]} Nf6 {[%clk 1:32:10]} 5. Nc3 {[%clk 1:32:10]} Be7
{[%clk 1:32:34]} 6. Nf3 {[%clk 1:30:54]} O-O {[%clk 1:32:47]} 7. cxd5
{[%clk 1:30:14]} Nbd7 {[%clk 1:30:22]} 8. Bd3 {[%clk 1:24:59]} Nb6
{[%clk 1:30:42]} 9. h3 {[%clk 1:25:13]} Nbxd5 {[%clk 1:30:54]} 10. O-O
{[%clk 1:25:26]} c6 {[%clk 1:30:15]} 11. Ne5 {[%clk 1:19:24]} Nxc3
{[%clk 1:15:13]} 12. bxc3 {[%clk 1:19:13]} c5 {[%clk 1:15:24]} 13. Bc4
{[%clk 1:15:10]} Be6 {[%clk 1:04:07]} 14. Bxe6 {[%clk 1:12:41]} fxe6
{[%clk 1:04:36]} 15. Nf3 {[%clk 0:59:13]} cxd4 {[%clk 0:50:00]} 16. cxd4
{[%clk 0:57:08]} Qd5 {[%clk 0:43:54]} 17. Re1 {[%clk 0:53:18]} Bd6
{[%clk 0:44:05]} 18. a4 {[%clk 0:52:56]} Rfd8 {[%clk 0:41:55]} 19. Ba3
{[%clk 0:53:05]} Rac8 {[%clk 0:41:54]} 20. Bxd6 {[%clk 0:50:47]} Rxd6
{[%clk 0:42:23]} 21. Rc1 {[%clk 0:46:50]} Rc4 {[%clk 0:35:37]} 22. Re5
{[%clk 0:46:22]} Qc6 {[%clk 0:34:06]} 23. Rxc4 {[%clk 0:42:50]} Qxc4
{[%clk 0:34:35]} 24. Qb1 {[%clk 0:42:17]} Rb6 {[%clk 0:31:17]} 25. Qe1
{[%clk 0:42:09]} Qb4 {[%clk 0:10:19]} 26. Rxe6 {[%clk 0:41:50]} Qxe1+
{[%clk 0:10:45]} 27. Rxe1 {[%clk 0:42:16]} Ra6 {[%clk 0:10:28]} 28. Rc1
{[%clk 0:41:53]} h6 {[%clk 0:09:12]} 29. Rc8+ {[%clk 0:41:02]} Kh7
{[%clk 0:09:36]} 30. Rc4 {[%clk 0:41:19]} Ra5 {[%clk 0:08:47]} 31. Rb4
{[%clk 0:41:05]} b6 {[%clk 0:08:15]} 32. Ne5 {[%clk 0:40:00]} Nd5
{[%clk 0:07:08]} 33. Rc4 {[%clk 0:40:11]} Kg8 {[%clk 0:06:33]} 34. Nc6
{[%clk 0:39:31]} Ra6 {[%clk 0:06:57]} 35. Nb4 {[%clk 0:39:32]} Ra5
{[%clk 0:06:21]} 36. Nxd5 {[%clk 0:39:34]} Rxd5 {[%clk 0:06:50]} 37. Kf1
{[%clk 0:39:49]} b5 {[%clk 0:06:34]} 38. axb5 {[%clk 0:34:15]} Rxb5
{[%clk 0:07:03]} 39. g3 {[%clk 0:32:57]} a5 {[%clk 0:06:40]} 40. Ke2
{[%clk 1:03:05]} Rb8 {[%clk 0:33:43]} 41. Kd3 {[%clk 1:01:52]} Ra8
{[%clk 0:33:32]} 42. Ra4 {[%clk 1:02:18]} Kf7 {[%clk 0:33:49]} 43. d5
{[%clk 0:59:48]} Ke7 {[%clk 0:34:06]} 44. Kd4 {[%clk 1:00:04]} Kd6
{[%clk 0:34:31]} 45. f4 {[%clk 1:00:12]} h5 {[%clk 0:33:34]} 46. f5
{[%clk 0:52:25]} Ra7 {[%clk 0:33:52]} 47. g4 {[%clk 0:52:20]} hxg4
{[%clk 0:34:18]} 48. hxg4 {[%clk 0:52:49]} Rb7 {[%clk 0:32:55]} 49. Rc4
{[%clk 0:50:22]} Ra7 {[%clk 0:24:06]} 50. Rc6+ {[%clk 0:47:54]} Ke7
{[%clk 0:24:35]} 51. g5 {[%clk 0:36:49]} a4 {[%clk 0:24:40]} 52. d6+
{[%clk 0:36:27]} Kd8 {[%clk 0:12:54]} 53. Rc7 {[%clk 0:36:27]} Ra6
{[%clk 0:12:34]} 54. Kd5 {[%clk 0:36:38]} a3 {[%clk 0:12:37]} 55. f6
{[%clk 0:36:43]} gxf6 {[%clk 0:12:53]} 56. gxf6 {[%clk 0:36:51]} Ra5+
{[%clk 0:11:33]} 57. Kc6 {[%clk 0:36:05]} Ra6+ {[%clk 0:10:30]} 58. Kb7
{[%clk 0:33:00]} a2 {[%clk 0:06:01]} 59. f7 {[%clk 0:33:26]} Ra7+
{[%clk 0:06:25]} 60. Kc6 {[%clk 0:33:48]} Ra6+ {[%clk 0:06:41]} 61. Kd5
{[%clk 0:34:13]} Ra5+ {[%clk 0:07:04]} 62. Rc5 {[%clk 0:34:26]} 1-0

[Event "WYCC Open U16"]
[Site "Porto Carras"]
[Date "2015.10.27"]
[Round "3.10"]
[White "Lazov, Toni"]
[Black "Martirosyan, Haik M."]
[Result "1/2-1/2"]
[BlackElo "2366"]
[WhiteElo "2139"]
[LiveChessVersion "1.4.6"]

1. e4 {[%clk 1:30:57]} c5 {[%clk 1:30:51]} 2. Nf3 {[%clk 1:31:21]} Nc6
{[%clk 1:31:03]} 3. Bb5 {[%clk 1:31:34]} e6 {[%clk 1:31:20]} 4. O-O
{[%clk 1:31:33]} Nge7 {[%clk 1:31:31]} 5. c3 {[%clk 1:31:38]} a6 {[%clk 1:31:15]}
6. Ba4 {[%clk 1:31:30]} b5 {[%clk 1:31:39]} 7. Bc2 {[%clk 1:31:56]} Bb7
{[%clk 1:32:04]} 8. Re1 {[%clk 1:30:18]} d5 {[%clk 1:32:10]} 9. a4
{[%clk 1:24:43]} d4 {[%clk 1:30:13]} 10. axb5 {[%clk 1:15:21]} axb5
{[%clk 1:30:37]} 11. Rxa8 {[%clk 1:15:20]} Bxa8 {[%clk 1:26:19]} 12. Qe2
{[%clk 1:00:39]} Qb6 {[%clk 1:23:54]} 13. Na3 {[%clk 0:56:34]} b4
{[%clk 1:22:54]} 14. Nc4 {[%clk 0:56:31]} Qc7 {[%clk 1:19:35]} 15. Ba4
{[%clk 0:46:07]} dxc3 {[%clk 1:16:53]} 16. dxc3 {[%clk 0:46:36]} bxc3
{[%clk 1:15:13]} 17. bxc3 {[%clk 0:38:14]} Ng6 {[%clk 1:12:46]} 18. h4
{[%clk 0:28:26]} h5 {[%clk 1:07:52]} 19. e5 {[%clk 0:25:35]} Be7 {[%clk 1:06:11]}
20. Nd6+ {[%clk 0:18:46]} Bxd6 {[%clk 1:03:54]} 21. exd6 {[%clk 0:19:15]} Qxd6
{[%clk 1:04:10]} 22. Ne5 {[%clk 0:19:06]} Ngxe5 {[%clk 1:01:34]} 23. Qxe5
{[%clk 0:19:34]} Qxe5 {[%clk 1:00:10]} 24. Rxe5 {[%clk 0:20:01]} c4
{[%clk 0:48:05]} 25. Rc5 {[%clk 0:19:19]} Kd7 {[%clk 0:48:26]} 26. Rxc4
{[%clk 0:19:25]} e5 {[%clk 0:41:27]} 27. Be3 {[%clk 0:17:54]} Kd6
{[%clk 0:40:25]} 28. Rc5 {[%clk 0:16:31]} Rb8 {[%clk 0:38:18]} 29. Rb5
{[%clk 0:16:10]} Rxb5 {[%clk 0:36:58]} 30. Bxb5 {[%clk 0:16:39]} Ne7
{[%clk 0:37:14]} 31. Bc1 {[%clk 0:12:39]} Bc6 {[%clk 0:34:17]} 1/2-1/2

[Event "WYCC Open U16"]
[Site "Porto Carras"]
[Date "2015.10.27"]
[Round "3.11"]
[White "Wheeler, Cameron"]
[Black "Shpati, Ted"]
[Result "1-0"]
[BlackElo "1918"]
[WhiteElo "2356"]
[LiveChessVersion "1.4.6"]

1. d4 {[%clk 1:30:48]} d5 {[%clk 1:30:55]} 2. c4 {[%clk 1:31:01]} e6
{[%clk 1:31:18]} 3. Nf3 {[%clk 1:31:20]} Nf6 {[%clk 1:31:33]} 4. g3
{[%clk 1:31:37]} Be7 {[%clk 1:31:53]} 5. Bg2 {[%clk 1:31:59]} O-O
{[%clk 1:32:14]} 6. O-O {[%clk 1:32:20]} dxc4 {[%clk 1:32:36]} 7. Qc2
{[%clk 1:32:41]} a6 {[%clk 1:32:56]} 8. a4 {[%clk 1:32:03]} Bd7 {[%clk 1:32:22]}
9. Qxc4 {[%clk 1:32:10]} Bc6 {[%clk 1:32:21]} 10. Bf4 {[%clk 1:30:55]} a5
{[%clk 1:27:39]} 11. Nc3 {[%clk 1:30:25]} Na6 {[%clk 1:26:50]} 12. Ne5
{[%clk 1:28:14]} Bxg2 {[%clk 1:26:39]} 13. Kxg2 {[%clk 1:28:38]} Nd5
{[%clk 1:18:57]} 14. Nxd5 {[%clk 1:21:48]} Qxd5+ {[%clk 1:17:32]} 15. f3
{[%clk 1:21:42]} Rfd8 {[%clk 1:11:26]} 16. Rfd1 {[%clk 1:20:53]} Qxc4
{[%clk 0:59:06]} 17. Nxc4 {[%clk 1:21:18]} g5 {[%clk 0:58:03]} 18. Be3
{[%clk 1:17:45]} Nb4 {[%clk 0:58:24]} 19. Rac1 {[%clk 1:17:17]} Nc6
{[%clk 0:56:23]} 20. Na3 {[%clk 1:14:48]} Rd7 {[%clk 0:49:07]} 21. Nb5
{[%clk 1:12:11]} f5 {[%clk 0:43:17]} 22. Bf2 {[%clk 1:10:07]} Rad8
{[%clk 0:41:35]} 23. e4 {[%clk 1:05:25]} Bf6 {[%clk 0:37:53]} 24. Rc4
{[%clk 1:01:27]} fxe4 {[%clk 0:32:07]} 25. fxe4 {[%clk 1:01:52]} g4
{[%clk 0:29:22]} 26. b3 {[%clk 0:57:47]} Kf7 {[%clk 0:29:26]} 27. Rf1
{[%clk 0:57:31]} Kg6 {[%clk 0:28:37]} 28. d5 {[%clk 0:52:25]} exd5
{[%clk 0:28:44]} 29. exd5 {[%clk 0:52:50]} Ne5 {[%clk 0:28:45]} 30. Rxc7
{[%clk 0:53:01]} Rxd5 {[%clk 0:28:32]} 31. Rxb7 {[%clk 0:52:46]} Rd3
{[%clk 0:27:49]} 32. Rb6 {[%clk 0:46:42]} Nf3 {[%clk 0:25:27]} 33. Rc1
{[%clk 0:45:26]} Ne5 {[%clk 0:23:56]} 34. Nc3 {[%clk 0:35:04]} Rf3
{[%clk 0:23:30]} 35. Ne4 {[%clk 0:33:29]} Rdd3 {[%clk 0:21:19]} 36. Rxf6+
{[%clk 0:23:52]} Rxf6 {[%clk 0:21:44]} 37. Nxf6 {[%clk 0:24:14]} Kxf6
{[%clk 0:22:11]} 38. Be1 {[%clk 0:23:54]} Rxb3 {[%clk 0:20:36]} 39. Bxa5
{[%clk 0:22:34]} Nf3 {[%clk 0:17:05]} 40. Bc3+ {[%clk 0:43:29]} Kf5
{[%clk 0:47:07]} 41. a5 {[%clk 0:39:05]} Ra3 {[%clk 0:46:50]} 42. Rc2
{[%clk 0:38:56]} Ke4 {[%clk 0:46:20]} 43. Bb4 {[%clk 0:38:17]} Ra1
{[%clk 0:42:32]} 44. Rc4+ {[%clk 0:37:50]} Ke3 {[%clk 0:41:16]} 45. Bc5+
{[%clk 0:37:35]} Ke2 {[%clk 0:40:09]} 46. Re4+ {[%clk 0:36:59]} Kd3
{[%clk 0:39:43]} 47. Rxg4 {[%clk 0:36:22]} Ne1+ {[%clk 0:40:02]} 48. Kf2
{[%clk 0:36:13]} Kd2 {[%clk 0:40:06]} 49. Bb4+ {[%clk 0:36:23]} 1-0

[Event "WYCC Open U16"]
[Site "Porto Carras"]
[Date "2015.10.27"]
[Round "3.13"]
[White "Arcuti, Davide"]
[Black "Haria, Ravi"]
[Result "1/2-1/2"]
[BlackElo "2445"]
[WhiteElo "2280"]
[LiveChessVersion "1.4.6"]

1. d4 {[%clk 1:30:55]} e6 {[%clk 1:30:54]} 2. c4 {[%clk 1:31:16]} d5
{[%clk 1:31:18]} 3. Nc3 {[%clk 1:31:40]} c6 {[%clk 1:31:36]} 4. Nf3
{[%clk 1:32:03]} dxc4 {[%clk 1:31:45]} 5. a4 {[%clk 1:32:07]} Bb4
{[%clk 1:31:11]} 6. e3 {[%clk 1:31:00]} b5 {[%clk 1:31:26]} 7. Bd2
{[%clk 1:28:37]} a5 {[%clk 1:31:39]} 8. axb5 {[%clk 1:28:42]} Bxc3
{[%clk 1:32:03]} 9. Bxc3 {[%clk 1:29:03]} cxb5 {[%clk 1:32:28]} 10. b3
{[%clk 1:29:18]} Bb7 {[%clk 1:32:50]} 11. bxc4 {[%clk 1:29:41]} b4
{[%clk 1:33:16]} 12. Bb2 {[%clk 1:30:04]} Nf6 {[%clk 1:32:57]} 13. Bd3
{[%clk 1:29:59]} Nbd7 {[%clk 1:32:56]} 14. O-O {[%clk 1:29:59]} O-O
{[%clk 1:33:18]} 15. Re1 {[%clk 1:29:37]} Ne4 {[%clk 1:31:59]} 16. Qc2
{[%clk 1:20:22]} f5 {[%clk 1:31:04]} 17. c5 {[%clk 1:09:00]} Qc7 {[%clk 1:28:43]}
18. Nd2 {[%clk 1:00:56]} Ndf6 {[%clk 1:12:34]} 19. f3 {[%clk 0:58:26]} Nxd2
{[%clk 1:10:45]} 20. Qxd2 {[%clk 0:58:53]} Bc6 {[%clk 1:05:04]} 21. Bc2
{[%clk 0:51:03]} Nd5 {[%clk 0:41:13]} 22. e4 {[%clk 0:41:01]} fxe4
{[%clk 0:40:10]} 23. fxe4 {[%clk 0:39:56]} Nf4 {[%clk 0:38:08]} 24. Re3
{[%clk 0:34:54]} Bb5 {[%clk 0:28:57]} 25. Rf3 {[%clk 0:25:52]} Rf7
{[%clk 0:16:59]} 26. Bb3 {[%clk 0:18:02]} Raf8 {[%clk 0:16:39]} 27. Kh1
{[%clk 0:17:34]} a4 {[%clk 0:07:04]} 28. Bxa4 {[%clk 0:13:30]} Bxa4
{[%clk 0:07:18]} 29. Rxa4 {[%clk 0:13:58]} Qc6 {[%clk 0:07:29]} 30. Rxb4
{[%clk 0:13:50]} Qxe4 {[%clk 0:04:25]} 31. d5 {[%clk 0:12:09]} Qxd5
{[%clk 0:02:54]} 32. Rd4 {[%clk 0:12:26]} Qh5 {[%clk 0:01:19]} 33. Rd7
{[%clk 0:05:13]} Rxd7 {[%clk 0:00:47]} 34. Qxd7 {[%clk 0:05:41]} Qg6
{[%clk 0:00:40]} 35. Qd2 {[%clk 0:05:32]} Qb1+ {[%clk 0:00:38]} 36. Qc1
{[%clk 0:04:32]} Qxc1+ {[%clk 0:00:43]} 37. Bxc1 {[%clk 0:05:01]} Nd3
{[%clk 0:00:59]} 38. Be3 {[%clk 0:02:22]} Ne5 {[%clk 0:00:38]} 39. Rxf8+
{[%clk 0:02:03]} Kxf8 {[%clk 0:01:07]} 40. Kg1 {[%clk 0:32:22]} g6
{[%clk 0:30:52]} 41. Bd4 {[%clk 0:31:00]} Nc6 {[%clk 0:30:21]} 42. Bc3
{[%clk 0:28:50]} Ke7 {[%clk 0:30:23]} 43. Kf2 {[%clk 0:29:10]} Kd7
{[%clk 0:27:18]} 44. Ke3 {[%clk 0:28:06]} Nd8 {[%clk 0:27:36]} 45. Ke4
{[%clk 0:27:04]} Nf7 {[%clk 0:28:04]} 46. Bd2 {[%clk 0:26:57]} Kc6
{[%clk 0:28:02]} 47. Be3 {[%clk 0:26:20]} 1/2-1/2

[Event "WYCC Open U16"]
[Site "Porto Carras"]
[Date "2015.10.27"]
[Round "3.14"]
[White "Lorparizangeneh, Shahin"]
[Black "Sousa, Andre Ventura"]
[Result "1-0"]
[BlackElo "2251"]
[WhiteElo "2440"]
[LiveChessVersion "1.4.6"]

1. d4 {[%clk 1:30:40]} g6 {[%clk 1:30:53]} 2. c4 {[%clk 1:31:00]} Bg7
{[%clk 1:31:17]} 3. Nc3 {[%clk 1:31:25]} d6 {[%clk 1:31:43]} 4. e4
{[%clk 1:31:43]} Nf6 {[%clk 1:32:07]} 5. Nf3 {[%clk 1:31:30]} O-O
{[%clk 1:32:29]} 6. Be2 {[%clk 1:31:53]} e5 {[%clk 1:32:52]} 7. O-O
{[%clk 1:32:12]} Nc6 {[%clk 1:33:17]} 8. Be3 {[%clk 1:32:33]} Re8
{[%clk 1:33:41]} 9. dxe5 {[%clk 1:30:40]} dxe5 {[%clk 1:33:43]} 10. h3
{[%clk 1:30:48]} Be6 {[%clk 1:25:10]} 11. Re1 {[%clk 1:25:39]} Bf8
{[%clk 1:17:49]} 12. c5 {[%clk 1:21:05]} a6 {[%clk 1:11:55]} 13. Qa4
{[%clk 1:13:50]} Bd7 {[%clk 1:02:49]} 14. Qb3 {[%clk 1:11:53]} Qc8
{[%clk 0:57:35]} 15. Rad1 {[%clk 1:04:20]} Be6 {[%clk 0:55:33]} 16. Qa4
{[%clk 1:01:04]} Bd7 {[%clk 0:54:31]} 17. Qc2 {[%clk 1:00:11]} Rb8
{[%clk 0:47:11]} 18. Nd5 {[%clk 0:53:38]} Bg7 {[%clk 0:46:50]} 19. a3
{[%clk 0:52:56]} Nxd5 {[%clk 0:42:50]} 20. exd5 {[%clk 0:49:34]} Bf5
{[%clk 0:42:54]} 21. Qd2 {[%clk 0:47:07]} e4 {[%clk 0:40:45]} 22. Nd4
{[%clk 0:39:18]} Ne5 {[%clk 0:38:40]} 23. Bh6 {[%clk 0:35:18]} Nd3
{[%clk 0:35:25]} 24. Bxg7 {[%clk 0:33:38]} Kxg7 {[%clk 0:34:47]} 25. Bxd3
{[%clk 0:33:39]} exd3 {[%clk 0:35:11]} 26. Rxe8 {[%clk 0:34:05]} Qxe8
{[%clk 0:35:30]} 27. Nxf5+ {[%clk 0:34:31]} gxf5 {[%clk 0:35:55]} 28. Qg5+
{[%clk 0:34:44]} Kh8 {[%clk 0:35:57]} 29. Qf6+ {[%clk 0:35:03]} Kg8
{[%clk 0:36:22]} 30. Rxd3 {[%clk 0:35:16]} Qe1+ {[%clk 0:36:39]} 31. Kh2
{[%clk 0:35:42]} 1-0

[Event "WYCC Open U16"]
[Site "Porto Carras"]
[Date "2015.10.27"]
[Round "3.15"]
[White "Thybo, Jesper Sondergaard"]
[Black "Santos Ruiz, Miguel"]
[Result "0-1"]
[BlackElo "2431"]
[WhiteElo "2278"]
[LiveChessVersion "1.4.6"]

1. Nf3 {[%clk 1:30:57]} f5 {[%clk 1:30:51]} 2. d4 {[%clk 1:31:09]} Nf6
{[%clk 1:31:02]} 3. Bg5 {[%clk 1:31:26]} e6 {[%clk 1:31:21]} 4. Nbd2
{[%clk 1:31:48]} Be7 {[%clk 1:31:38]} 5. Bxf6 {[%clk 1:32:08]} Bxf6
{[%clk 1:32:03]} 6. e4 {[%clk 1:32:31]} O-O {[%clk 1:32:12]} 7. Bd3
{[%clk 1:32:06]} d5 {[%clk 1:32:36]} 8. exf5 {[%clk 1:32:10]} exf5
{[%clk 1:32:47]} 9. O-O {[%clk 1:32:20]} Nc6 {[%clk 1:33:12]} 10. c3
{[%clk 1:32:08]} Qd6 {[%clk 1:33:38]} 11. b4 {[%clk 1:27:51]} g5 {[%clk 1:18:10]}
12. b5 {[%clk 1:16:28]} Ne7 {[%clk 1:14:40]} 13. Re1 {[%clk 1:10:27]} g4
{[%clk 1:00:53]} 14. Ne5 {[%clk 1:05:58]} Ng6 {[%clk 1:01:15]} 15. Nxg6
{[%clk 1:01:08]} hxg6 {[%clk 1:00:54]} 16. f3 {[%clk 0:57:39]} g3
{[%clk 0:55:54]} 17. hxg3 {[%clk 0:55:04]} Qxg3 {[%clk 0:55:23]} 18. Nf1
{[%clk 0:55:18]} Qd6 {[%clk 0:45:06]} 19. Qd2 {[%clk 0:54:23]} g5
{[%clk 0:41:20]} 20. Ne3 {[%clk 0:52:02]} Bg7 {[%clk 0:39:52]} 21. Qc2
{[%clk 0:50:56]} g4 {[%clk 0:29:20]} 22. f4 {[%clk 0:46:43]} g3 {[%clk 0:19:46]}
23. Qe2 {[%clk 0:35:28]} Qxf4 {[%clk 0:08:52]} 24. Nxd5 {[%clk 0:35:24]} Qh6
{[%clk 0:08:40]} 25. Qe3 {[%clk 0:30:43]} f4 {[%clk 0:06:59]} 26. Ne7+
{[%clk 0:28:39]} Kh8 {[%clk 0:07:24]} 27. Qe4 {[%clk 0:28:47]} Bf5
{[%clk 0:06:41]} 28. Nxf5 {[%clk 0:27:28]} Qh2+ {[%clk 0:07:04]} 29. Kf1
{[%clk 0:27:55]} Rae8 {[%clk 0:06:55]} 30. Ke2 {[%clk 0:22:40]} Qxg2+
{[%clk 0:06:39]} 31. Kd1 {[%clk 0:23:04]} Rxe4 {[%clk 0:06:58]} 32. Bxe4
{[%clk 0:23:29]} f3 {[%clk 0:02:35]} 33. Nh4 {[%clk 0:23:14]} Qb2
{[%clk 0:02:29]} 34. Rb1 {[%clk 0:22:34]} Qxc3 {[%clk 0:02:43]} 35. Ng6+
{[%clk 0:22:30]} Kg8 {[%clk 0:02:44]} 36. Ne7+ {[%clk 0:22:14]} Kf7
{[%clk 0:03:11]} 37. Bg6+ {[%clk 0:20:17]} Kf6 {[%clk 0:03:38]} 38. Nd5+
{[%clk 0:20:22]} Kxg6 {[%clk 0:04:05]} 39. Nxc3 {[%clk 0:20:48]} f2
{[%clk 0:04:21]} 40. Rf1 {[%clk 0:50:11]} g2 {[%clk 0:34:37]} 41. Kd2
{[%clk 0:50:03]} Bxd4 {[%clk 0:32:45]} 0-1

[Event "WYCC Open U16"]
[Site "Porto Carras"]
[Date "2015.10.27"]
[Round "3.16"]
[White "Vogel, Roven"]
[Black "Ritviz, Parab"]
[Result "0-1"]
[BlackElo "2267"]
[WhiteElo "2417"]
[LiveChessVersion "1.4.6"]

1. e4 {[%clk 1:30:56]} e5 {[%clk 1:30:55]} 2. Nf3 {[%clk 1:31:19]} Nc6
{[%clk 1:31:23]} 3. Bb5 {[%clk 1:31:38]} a6 {[%clk 1:31:49]} 4. Ba4
{[%clk 1:31:58]} Nf6 {[%clk 1:32:13]} 5. O-O {[%clk 1:32:18]} Be7
{[%clk 1:32:40]} 6. Bxc6 {[%clk 1:32:34]} dxc6 {[%clk 1:31:43]} 7. d3
{[%clk 1:32:54]} Bd6 {[%clk 1:28:27]} 8. Nbd2 {[%clk 1:32:09]} c5
{[%clk 1:28:46]} 9. Nc4 {[%clk 1:31:20]} Nd7 {[%clk 1:27:09]} 10. a4
{[%clk 1:30:55]} O-O {[%clk 1:26:13]} 11. b3 {[%clk 1:29:23]} f6 {[%clk 1:23:01]}
12. Nh4 {[%clk 1:28:33]} Nb8 {[%clk 1:19:38]} 13. Qh5 {[%clk 1:04:36]} Nc6
{[%clk 1:09:11]} 14. Be3 {[%clk 0:59:05]} Be6 {[%clk 0:56:38]} 15. a5
{[%clk 0:53:36]} g6 {[%clk 0:46:40]} 16. Qh6 {[%clk 0:53:25]} Rf7
{[%clk 0:46:37]} 17. Nxd6 {[%clk 0:53:00]} cxd6 {[%clk 0:46:48]} 18. f4
{[%clk 0:53:06]} exf4 {[%clk 0:46:27]} 19. Bxf4 {[%clk 0:51:09]} Nd4
{[%clk 0:44:52]} 20. c3 {[%clk 0:48:14]} Nxb3 {[%clk 0:35:07]} 21. Rad1 Qf8
{[%clk 0:35:07]} 22. Qxf8+ Raxf8 {[%clk 0:35:07]} 23. Bxd6 Rd8 {[%clk 0:35:07]}
24. e5 Bg4 {[%clk 0:35:07]} 25. Rde1 fxe5 {[%clk 0:35:07]} 26. Rxf7 Kxf7
{[%clk 0:35:07]} 27. Bxe5 Rxd3 {[%clk 0:35:07]} 28. Re4 Bf5 {[%clk 0:35:07]} 29.
Re1 Nxa5 {[%clk 0:35:07]} 30. Nf3 Nc4 {[%clk 0:35:07]} 31. Ng5+ Kg8
{[%clk 0:35:07]} 32. Bf4 h6 {[%clk 0:35:07]} 33. Re8+ Kg7 {[%clk 0:35:07]} 34.
Nf3 g5 {[%clk 0:35:07]} 35. Bb8 b5 {[%clk 0:35:07]} 36. Re7+ Kf6 {[%clk 0:35:07]}
37. Ra7 Rxc3 {[%clk 0:35:07]} 38. Rxa6+ Be6 {[%clk 0:35:07]} 39. Ba7 g4
{[%clk 0:35:07]} 40. Nh4 Ne5 {[%clk 0:35:07]} 41. Bb6 Nc6 {[%clk 0:35:07]} 42.
Ra8 b4 {[%clk 0:35:07]} 43. Rh8 Kg5 {[%clk 0:35:07]} 44. Bc7 b3 {[%clk 0:35:07]}
45. g3 b2 {[%clk 0:35:07]} 46. Bf4+ Kf6 {[%clk 0:35:07]} 47. Rxh6+ Kg7
{[%clk 0:35:07]} 0-1